000 00717nam a2200205 i 4500
001 135308
003 ES-MaACL
005 20230906194844.0
007 t|
008 070716m19521954sp ||||1| spa d
080 _a677(02)
100 1 _aTonelli, Luigi.
_9110570
245 1 0 _aTecnología textil /
_cLuigi Tonelli ; traducción y adaptación de la tercera edición italiana por L. y J. Roig Serra.
260 _aBarcelona :
_bHoepli,
_c1952-1954.
300 _a2 v. :
_bil. ;
_c25 cm.
505 8 _aContiene: v. I.-- Fibras textiles, hiladura, algodón, lana, seda. v. II.-- Mecánica textil
700 1 _aRoig Serra, L.
_999024
700 1 _aRoig Serra, J.
_999023
852 _aES-MaACL
_jE-3301-02
_bR.32401
999 _c135308
_d135308